000 00825nam a22002057a 4500
999 _c8952
_d8952
003 AR-CdUCM
008 190327b ||||| |||| 00| 0 spa d
040 _aMUNICIPALIDAD PROVINCIAL DEL CUSCO
_cBIBLIOTECA MUNICIPAL DEL CUSCO
082 _a270.9 /
_bW54
100 _aWhite, E. G.
_924848
245 _aEl Conflicto de los Siglos :
_bDurante la Era Cristiana /
260 _aEstados Unidos de América :
_bPacific Press Publishing ;
_c1925.
300 _a780 páginas ;
_bFotografías
_c22cm
505 _aContenido: Destrucción de Jerusalén -- Lutero y su separación de Roma -- Progreso de la reforma en Alemania -- La biblia y la revolución francesa -- Los padres peregrinos...
650 _aEra cristiana
_924849
650 _aBiblia
_94856
650 _aConflictos
_920170
942 _2ddc
_cLIBROS
945 _anom